Представление документа в формате RUSMARC

ПолеНазваниеЗначение
  Тип записи a
  Библиографический уровень m
001 Контрольный номер 975a6be1-5a61-4575-92c7-f9d834b36c7e
005 Дата корректировки 20140820192402.1
100 Данные общей обработки __
a Данные общей обработки 20101229 |||y0 y0189 ca
101 Язык документа __
a Язык текста rus
105 Кодированные данные (монография) __
a Кодированные данные (монография) zy
200 Заглавие и сведения об ответственности 0_
a Заглавие Программа итогового междисциплинарного экзамена[текст]
f Первые сведения об ответственности А. В. Брилон, О. И. Жукова, Я. М. Воскобойников, Л. Г. Ахметшина
210 Выходные данные __
a Место издания РУК
c Издательство М.
d Дата издания 2010г.
215 Физическое описание __
a Объем 27с.
606 Тематические рубрики __
a Основная рубрика Финансы
x Основная подрубрика Финансы
610 Ключевые слова __
a Ключевые слова Общие положения
a Ключевые слова Структура и сроки проведения итогового междисциплинарного экзамена по специальности
a Ключевые слова Критерии оценки уровня и качества подготовки выпускников
a Ключевые слова Перечень теоретических вопросов,практических заданий и профессиональных задач
a Ключевые слова теоретические вопросы
a Ключевые слова Практические задания
a Ключевые слова Нормативные документы
a Ключевые слова Основная литература
675 Индекс УДК __
a Индекс УДК 336
686 Индексы других классификаций __
a Классификационный индекс 65.9(2)26
2 Код системы rubbk
700 Автор _1
a Фамилия Брилон
b Имя А. В.
701 Альтернативная интеллектуальная ответственность _1
a Фамилия Жукова
b Имя О. И. оскобойников, Я. М., Ахметшина Л. Г.
852 Данные о местонахождении __
h Классификационный индекс 336
i Авторский знак П 78
899 Данные о местонахождении __
b Место хранения УчФ
t Номер экземпляра 1
h Классификационная часть РШ 336
i Авторский знак П 78
901 Тип документа __
t Тип документа m
938 Служебная информация __
a Название организации Краснодарский филиал
b Имя БД Методические пособия
c Название АИБС АИБС Библиотека